The human factor approach to development in Africa / (Record no. 3519)

MARC details
000 -LEADER
fixed length control field 01097nam a2200301 a 4500
001 - CONTROL NUMBER
control field 1211844
003 - CONTROL NUMBER IDENTIFIER
control field OSt
005 - DATE AND TIME OF LATEST TRANSACTION
control field 20160413184942.0
008 - FIXED-LENGTH DATA ELEMENTS--GENERAL INFORMATION
fixed length control field 981210s1998 rh b 001 0 eng
010 ## - LIBRARY OF CONGRESS CONTROL NUMBER
LC control number 98982425
020 ## - INTERNATIONAL STANDARD BOOK NUMBER
International Standard Book Number 0908307748
040 ## - CATALOGING SOURCE
Original cataloging agency DLC
Transcribing agency DLC
042 ## - AUTHENTICATION CODE
Authentication code lcode
043 ## - GEOGRAPHIC AREA CODE
Geographic area code f------
050 00 - LIBRARY OF CONGRESS CALL NUMBER
Classification number HC800
Item number .H86 1998
082 ## - DEWEY DECIMAL CLASSIFICATION NUMBER
Classification number 338.9
Item number HUM 1998
245 04 - TITLE STATEMENT
Title The human factor approach to development in Africa /
Statement of responsibility, etc. edited by Vimbai G. Chivaura and Claude G. Mararike.
260 ## - PUBLICATION, DISTRIBUTION, ETC. (IMPRINT)
Place of publication, distribution, etc. Mount Pleasant, Harare, Zimbabwe :
Name of publisher, distributor, etc. University of Zimbabwe Publications,
Date of publication, distribution, etc. 1998.
300 ## - PHYSICAL DESCRIPTION
Extent xiii, 240 p. ;
Dimensions 23 cm.
440 #0 - SERIES STATEMENT/ADDED ENTRY--TITLE
Title Human factor series.
Name of part/section of a work Zimbabwe chapter ;
Volume/sequential designation v. 1
9 (RLIN) 7851
504 ## - BIBLIOGRAPHY, ETC. NOTE
Bibliography, etc Includes bibliographical references and indexes.
651 #0 - SUBJECT ADDED ENTRY--GEOGRAPHIC NAME
Geographic name Africa
General subdivision Economic policy
-- Citizen participation.
9 (RLIN) 7852
700 1# - ADDED ENTRY--PERSONAL NAME
Personal name Chivaura, Vimbai Gukwe.
9 (RLIN) 7853
700 1# - ADDED ENTRY--PERSONAL NAME
Personal name Mararike, C. G.
Fuller form of name (Claude G.)
9 (RLIN) 7854
906 ## - LOCAL DATA ELEMENT F, LDF (RLIN)
a 7
b cbc
c origode
d 2
e ncip
f 19
g y-gencatlg
942 ## - ADDED ENTRY ELEMENTS (KOHA)
Source of classification or shelving scheme Dewey Decimal Classification
Koha item type Short Loan
Holdings
Withdrawn status Lost status Source of classification or shelving scheme Damaged status Not for loan Home library Current library Date acquired Inventory number Total Checkouts Full call number Barcode Date last seen Price effective from Koha item type
    Dewey Decimal Classification     MUST Main Library MUST Main Library 13/04/2016 1999/13314   338.9 HUM 1998 2016-0829 13/04/2016 13/04/2016 Short Loan
    Dewey Decimal Classification     MUST Main Library MUST Main Library 14/04/2016 2003/19838   338.9 HUM 1998 2016-0895 14/04/2016 14/04/2016 Short Loan